000 00481nam a2200205Ia 4500
003 0100
008 130303s9999 xx 000 0 und d
040 _cARRUPELIB
050 _aB72.F36 1973
100 _aFeibleman, James K
245 _aUnderstanding philosophy
245 _ba popular history of ideas
260 _aNew York
260 _bDell Publishing Company Inc
260 _C1973
300 _a238p.
300 _b 16cm
650 _aPHILOSOPHY
942 0 0 _013
999 _c31441
_d31441